000 00731nam a2200289Ia 4500
005 20260324115106.0
008 008 260324s9999 xx 000 0 eng d
020 _a9781351111874
037 _aEBOOK
040 _aCRL
040 _beng
040 _cCRL
041 _2eng
041 _aeng
084 _qCRL
100 _aBhaskar Mazumder; Subhabrata Ray; Paulami Pal; Yashwant Pathak
_91153332
245 0 _aNanotechnology
245 0 _bTherapeutic, Nutraceutical, and Cosmetic Advances
260 _bTaylor and Francis
260 _c2019
365 _a
365 _b400
856 _uhttp://www.taylorfrancis.com/books/9781351111874
942 _cEBOOK
999 _c1743945
_d1743945